Process and organization of government planning (Record no. 435525)

000 -LEADER
fixed length control field 00368cam a22001217a 4500
008 - FIXED-LENGTH DATA ELEMENTS--GENERAL INFORMATION
fixed length control field 180718b1947 xxu||||| |||| 00| 0 eng d
082 ## - DEWEY DECIMAL CLASSIFICATION NUMBER
Classification number T000 M619
100 ## - MAIN ENTRY--PERSONAL NAME
Personal name Millett, John D.
245 ## - TITLE STATEMENT
Title Process and organization of government planning
Statement of responsibility, etc. by John D. Millett
260 ## - PUBLICATION, DISTRIBUTION, ETC.
Place of publication, distribution, etc. New York
Name of publisher, distributor, etc. Columbia Univeristy Press
Date of publication, distribution, etc. 1947
300 ## - PHYSICAL DESCRIPTION
Extent 187p.
650 ## - SUBJECT ADDED ENTRY--TOPICAL TERM
Topical term or geographic name entry element Government planning
Holdings
Withdrawn status Lost status Damaged status Not for loan Permanent Location Current Location Date acquired Full call number Barcode Date last seen Price effective from Koha item type
        Indian Institute of Public Administration Indian Institute of Public Administration 2010-02-25 T000 M619 780 2018-07-21 2018-07-21 Book

Powered by Koha